Statystyki dla 3 najludniejsze miasta Europy według państwa

Kliknij tutaj aby rozwiązać quiz!

Ogólne statystyki

  • Ten quiz został rozwiązany 330 razy
    (319 od ostatniego zresetowania)
  • Średni wynik to 61 z 131

Statystyki odpowiedzi

PaństwoPopulacjaMiasto% Poprawnych
Polska1.790.000Warszawa
92%
780.000Kraków
91%
Austria1.700.000Wiedeń
90%
Niemcy4.320.000Berlin
89%
Rosja12.690.000Moskwa
87%
680.000Łódź
86%
Hiszpania3.290.000Madryt
86%
Białoruś2.000.000Mińsk
86%
Wielka Brytania8.830.000Londyn
85%
Norwegia930.000Oslo
85%
Francja2.190.000Paryż
85%
Czechy1.320.000Praga
85%
Włochy2.620.000Rzym
85%
Andora20.000Andora
84%
Grecja660.000Ateny
84%
Ukraina2.970.000Kijów
84%
Litwa530.000Wilno
84%
1.610.000Barcelona
83%
Irlandia530.000Dublin
83%
Łotwa660.000Ryga
83%
Chorwacja800.000Zagrzeb
83%
Holandia870.000Amsterdam
82%
Portugalia550.000Lizbona
82%
Luksemburg100.000Luksemburg
82%
Albania420.000Tirana
82%
Finlandia620.000Helsinki
81%
Dania600.000Kopenhaga
81%
5.400.000Petersburg
81%
Bułgaria1.240.000Sofia
81%
Monako40.000Monako
80%
Szwecja1.370.000Sztokholm
80%
Węgry1.750.000Budapeszt
79%
Rumunia1.880.000Bukareszt
79%
1.700.000Hamburg
79%
Estonia430.000Tallinn
79%
Słowacja440.000Bratysława
78%
820.000Monachium
78%
4.000San Marino
78%
1.240.000Mediolan
77%
Islandia120.000Reykjavik
77%
Bośnia i
Hercegowina
350.000Sarajewo
77%
Serbia1.270.000Belgrad
74%
Mołdawia670.000Kiszyniów
74%
860.000Marsylia
73%
5.600Vaduz
73%
960.000Neapol
71%
240.000Porto
71%
520.000Lyon
70%
Słowenia290.000Lublana
69%
Kosowo150.000Prisztina
67%
650.000Rotterdam
67%
1.440.000Charków
66%
Macedonia
Północna
490.000Skopje
66%
Czarnogóra150.000Podgorica
64%
380.000Brno
63%
Szwajcaria380.000Zurych
63%
320.000Saloniki
62%
310.000Kowno
60%
Belgia530.000Antwerpia
56%
550.000Haga
56%
850.000Walencja
55%
280.000Malmo
54%
1.140.000Birmingham
53%
1.020.000Odessa
53%
180.000Split
52%
190.000Genewa
48%
290.000Ostrawa
46%
550.000Goteborg
45%
220.000Graz
43%
120.000Cork
42%
160.000Kłajpeda
41%
240.000Koszyce
39%
790.000Leeds
37%
240.000Bergen
36%
340.000Warna
36%
180.000Linz
34%
220.000Nowy Sad
33%
160.000Bazylea
30%
130.000Tyraspol
29%
100.000Maribor
28%
270.000Aarhus
27%
510.000Homel
26%
130.000Rijeka
25%
260.000Gandawa
23%
180.000Odense
23%
350.000Płowdiw
23%
140.000Banja Luka
22%
110.000Durres
22%
320.000Kluż-Napoka
22%
90.000Tartu
22%
200.000Debreczyn
21%
250.000Nisz
19%
1.630.000Nowosybirsk
19%
90.000Dyneburg
18%
220.000Tampere
17%
360.000Witebsk
16%
60.000Narwa
15%
315.000Timișoara
15%
80.000Lipawa
14%
90.000Preszów
13%
210.000Stavanger
13%
90.0000Szkodra
13%
40.000Limerick
12%
140.00Bielce
11%
200.000Charleroi
11%
270.000Espoo
11%
170.000Patras
11%
90.000Prizren
11%
Liechtenstein6.000Schaan
11%
160.000Segedyn
11%
73.000Bitola
10%
30.000Esch-sur-
Alzette
8%
70.000Mitrowica
8%
70.000Tuzla
8%
San Marino10.000Serravalle
7%
30.000Kopavogur
5%
60.000Niksic
5%
5.200Triesen
5%
20.000Differdange
4%
20.000Hafnarfjordur
4%
40.000Kranj
4%
190.000Vila Nova
de Gaia
4%
15.000Escaldes-
Engordany
3%
70.000Kumanowo
3%
20.000Pljevlja
3%
Malta1880Rabat
3%
10.000Sant Julià
de Lòria
3%
6.000Borgo
Maggiore
2%
WatykanBrak miast
1%
1800Siġġiewi
0%
1800Żabbar
0%

Rozkład punktacji

Percentyl według liczby udzielonych odpowiedzi

Procent ludzi z każdym wynikiem

Twoja historia wyników

Nie rozwiązałeś tego quizu od ostatniego zresetowania